KL yang ku kenal

Bibliographic Details
Main Author: S. Shahril
Format: Book
Published: Selangor : Eddiplex , 2002
Series:Siri novel mencabar keberanian
Subjects:

MARC

LEADER 00000cam a2200000 7i4500
001 0000000225
005 20151222.0
008 070628
020 |a 9838805238(set) 
020 |a 9838805289 
090 0 0 |a JF   |b MAL (24) 
100 0 |a S. Shahril 
245 1 0 |a KL yang ku kenal   |c S. Shahril 
260 |a Selangor :   |b Eddiplex ,   |c 2002 
440 |a Siri novel mencabar keberanian 
500 |a Children ages 7-9 years old (orange) 
650 0 |a Malay fiction 
999 |a 0000008101   |b Book   |c Children Collection   |e Cawangan Taman Universiti 
999 |a 0000008102   |b Book   |c Children Collection   |e Cawangan Taman Universiti 
999 |a 0000008103   |b Book   |c Children Collection   |e Cawangan Taman Universiti 
999 |a 0000008104   |b Book   |c Children Collection   |e Cawangan Taman Universiti 
999 |a 0000876499   |b Book   |c Children Collection   |e Cawangan Bandar Penawar 
999 |a 0000876501   |b Book   |c Children Collection   |e Cawangan Mersing 
999 |a 0000876503   |b Book   |c Children Collection   |e Cawangan Segamat 
999 |a 0000886307   |b Book   |c Children Collection   |e Cawangan Mersing 
999 |a 0000954169   |b Book   |c Children Collection   |e Perbadanan Perpustakaan Awam Johor 
999 |a 0000954170   |b Book   |c Children Collection   |e Cawangan Tangkak 
999 |a 0000954171   |b Book   |c Children Collection   |e Perbadanan Perpustakaan Awam Johor 
999 |a 0000954172   |b Book   |c Children Collection   |e Cawangan Bandar Penawar 
999 |a 0000954173   |b Book   |c Children Collection   |e Perbadanan Perpustakaan Awam Johor 
999 |a 0001054318   |b Book   |c Children Collection   |e Cawangan Mersing 
999 |a 000876497   |b Book   |c Children Collection   |e Cawangan Muar 
999 |a 000886305   |b Book   |c Children Collection   |e Cawangan Muar